The investigation and assessment of contaminated land (Record no. 74917)

MARC details
000 -LEADER
fixed length control field 01539cab a2200265 4500
001 - CONTROL NUMBER
control field ABS68828
008 - FIXED-LENGTH DATA ELEMENTS--GENERAL INFORMATION
fixed length control field 050315n2005 000 0 eng u
035 ## - SYSTEM CONTROL NUMBER
System control number (Sirsi) u129050
100 ## - MAIN ENTRY--PERSONAL NAME
Personal name Evans, C.
245 #4 - TITLE STATEMENT
Title The investigation and assessment of contaminated land
260 ## - PUBLICATION, DISTRIBUTION, ETC.
Date of publication, distribution, etc. 2005
490 ## - SERIES STATEMENT
Series statement Civil Engineering Surveyor
Volume/sequential designation March 2005, 43-45(3)
520 ## - SUMMARY, ETC.
Summary, etc. Reviews the processes and techniques necessary for carrying out site investigations and assessments of contaminated land intended for reuse. This area of activity has become increasingly important since the introduction of the Environmental Protection Act 1990 Part IIA and the government drive to construct over 60% of new homes on previously used land. Summarises the assessment phases: site investigation, risk assessment, environmental fate analysis and exposure assessment. Concludes that there will be greater need for more complex information to be collated in future and more investment at the site investigation design stage, particularly as the demands of the landfill directive (Directive 99/31/EC) and waste acceptance criteria come to impact on those involved in the contaminated land industry.
590 ## - LOCAL NOTE (RLIN)
Local note ABS
650 ## - SUBJECT ADDED ENTRY--TOPICAL TERM
Topical term or geographic name entry element CONTAMINATED LAND
650 ## - SUBJECT ADDED ENTRY--TOPICAL TERM
Topical term or geographic name entry element SITE INVESTIGATIONS
650 ## - SUBJECT ADDED ENTRY--TOPICAL TERM
Topical term or geographic name entry element ENVIRONMENTAL PROTECTION ACT 1990 PART IIA
650 ## - SUBJECT ADDED ENTRY--TOPICAL TERM
Topical term or geographic name entry element DEVELOPMENT
650 ## - SUBJECT ADDED ENTRY--TOPICAL TERM
Topical term or geographic name entry element NEW HOMES
650 ## - SUBJECT ADDED ENTRY--TOPICAL TERM
Topical term or geographic name entry element RISK ASSESSMENT
650 ## - SUBJECT ADDED ENTRY--TOPICAL TERM
Topical term or geographic name entry element DIRECTIVE 99/31/EC
650 ## - SUBJECT ADDED ENTRY--TOPICAL TERM
Topical term or geographic name entry element BROWNFIELD DEVELOPMENT
690 ## - LOCAL SUBJECT ADDED ENTRY--TOPICAL TERM (OCLC, RLIN)
Topical term or geographic name as entry element ENVIRONMENT-AUDIT/ASSESSMENT
942 ## - ADDED ENTRY ELEMENTS (KOHA)
Suppress in OPAC 0
Holdings
Withdrawn status Lost status Source of classification or shelving scheme Damaged status Not for loan Home library Current library Shelving location Date acquired Total Checkouts Full call number Barcode Date last seen Copy number Price effective from Koha item type
    Dewey Decimal Classification     London London Journal article 15/03/2005   ABS68828 129050-1001 06/08/2019 1 06/08/2019 Journal article